1522 1141 1254 1113 1136 1099 1219 1099 1608 1422 1158 1256 1361 1756 1498 1790 1552 1119 1457 1678 1695 1114 1635 1595 1769 1089 1910 1735 1738 1570 1016 1256 1289 1374 1607 1340 1831 1216 1668 1708 1829 1364 1143 1009 1590 1117 1938 1175 1749 1975 1603 1658 1769 1898 1685 1873 1403 1252 1336 1428 1840 1533 1920 1004 1259 1024 1293 1294 1556 1499 1799 1755 1608 1750 1268 1870 1724 1886 1111 1311 1870 1232 1017 1226 1720 1814 1096 1720 1576 1649 1647 1953 1922 1014 1729 1404 1661 1763 1163 BCNSPRNW ULIB Ver.6.0+V

เปลี่ยนเป็นภาษาไทย

Change to English
 แสดงรายละเอียดบรรณานุกรม
  กลับหน้าหลัก

Brief Record : Get Marc (ISO 2709) : E-mail record : QR code < ปิดหน้าต่าง
LEADER : 00000nam 2200000uu 4500
001    13399109014
003     ULIB
008    110203s2545||||th 000 0 tha d
020    9746148435(ล.1)
060  4 WA288^bส627ก ล.1 2545
110 1  มหาวิทยาลัยสุโขทัยธรรมาธิราช^bสาขาวิชาวิทยาศาสตร์สุขภาพ
245 00 เอกสารการสอนชุดวิชา การบริหารงานคุ้มครองผู้บริโภคทางสาธารณสุข หน่วยที่1-7=^bManagement in health consumer protection/^cมหาวิทยาลัยสุโขทัยธรรมาธิราช
246 0  Management in health consumer protection
250    พิมพ์ครั้งที่ 5
260    นนทบุรี:^bศูนย์หนังสือมหาวิทยาลัยสุโขทัยธรรมาธิราช,^c2545
300    422 หน้า
650  7 การคุ้มครองผู้บริโภค^xการจัดการ
650  7 ผู้บริโภค^xแง่อนามัย
945    ^p0^l0^i022516
945    ^p0^l0^i022514
945    ^p0^l0^i022515
945    ^p0^l0^i022513
995    ทศพร
999 ^a ใช้งานได้ทุกระบบ
รายการนี้ยังไม่มีแท็ก
คุณยังไม่ได้ล็อกอิน คุณสามารถมีกิจกรรมร่วมกับเว็บไซต์ได้ แต่ต้องล็อกอินก่อน ::
  ล็อกอิน

รายการสื่อสารสนเทศ

ลำดับที่ ประเภท เลขเรียก/บาร์โค้ด สถานที่ สถานะ
- ไม่พบข้อมูล -

BibComment


ยังไม่เคยถูกคอมเมนท์

คอมเมนท์ทรัพยากรรายการนี้
  คอมเมนท์: เอกสารการสอนชุดวิ..


 Copyright 2026. Bcnsprnw @Library